Pays avec un ou plusieurs I (i) - Statistiques

Statistiques générales
  • Ce quiz a été pris 2 388 fois
    1 856 depuis la dernière actualisation
  • Le résultat moyen est 96 sur 123
Statistiques - réponses
Nombre de I (i) Pays % Correct
II Italie
94%
I Russie
94%
I Irlande
93%
I Islande
92%
I Chine
91%
I Etats-Unis
91%
I Australie
90%
I Finlande
90%
I Inde
90%
II Indonésie
90%
I Algérie
89%
I Brésil
88%
I Afrique du Sud
87%
I Irak
87%
I Iran
87%
II Lituanie
87%
I Argentine
86%
II Biélorussie
86%
I Mexique
86%
I Colombie
85%
I Guinée
85%
I Turquie
85%
I Albanie
84%
I Autriche
84%
I Belgique
84%
II Chili
84%
I Estonie
84%
I Lettonie
84%
I Slovaquie
84%
I Suisse
84%
II Tunisie
84%
II Arabie Saoudite
83%
I Bulgarie
83%
II Bolivie
82%
II Fidji
82%
I Hongrie
82%
I Israël
82%
I Libye
82%
II République démocratique du Congo
82%
IIII République dominicaine
82%
I République tchèque
82%
I Roumanie
82%
I Slovénie
82%
I Croatie
81%
I Mali
81%
I Pakistan
81%
I République du Congo
81%
II Guinée-Bissau
80%
II Guinée équatoriale
80%
I Liban
80%
II Mauritanie
80%
I Vatican
80%
I Arménie
79%
II Emirats arabes unis
79%
II Liechtenstein
79%
I Royaume-Uni
79%
I Thaïlande
79%
II Birmanie
78%
II Bosnie-Herzégovine
78%
II Ethiopie
78%
II Haïti
78%
I Jordanie
78%
II Saint-Marin
78%
I Serbie
78%
II Tadjikistan
78%
I Zambie
78%
I Géorgie
77%
I Moldavie
77%
II Namibie
77%
I Niger
77%
III Saint-Vincent-et-les-Grenadines
77%
I Somalie
77%
I Afghanistan
76%
I Azerbaïdjan
76%
II Dominique
76%
I Jamaïque
76%
III Kirghizistan
76%
II Nigeria
76%
III Saint-Christophe-et-Niévès
76%
II Sainte-Lucie
76%
I Viêt Nam
76%
II Malaisie
75%
I Mongolie
75%
I Nicaragua
75%
II Papouasie-Nouvelle-Guinée
75%
I Macédoine du Nord
74%
I Ouzbékistan
74%
III République Centrafricaine
74%
I Turkménistan
74%
I Ukraine
74%
I Zimbabwe
74%
III Philippines
73%
I Syrie
73%
I Tanzanie
73%
I Belize
72%
I Gambie
72%
I Maldives
72%
II Micronésie
72%
I Burundi
71%
II Djibouti
71%
III Kiribati
71%
I Maurice
71%
I Suriname
71%
II Côte d'Ivoire
70%
II Liberia
70%
I Singapour
70%
I Sri Lanka
70%
I Bahreïn
69%
I Koweït
69%
I Malawi
69%
I Mozambique
69%
I Antigua-et-Barbuda
67%
I Brunei
67%
I Taïwan
67%
I Sierra Leone
66%
II Trinité-et-Tobago
66%
II Eswatini
65%
I Bénin
63%
I Burkina Faso
63%
II Timor oriental
62%
I Costa Rica
60%
II Sao Tomé-et-Principe
55%
I Iles Marshall
48%
Aucun quiz correspondant
Distribution des résultats
% des personnes avec chaque résultat
Percentile par nombre de réponses
Votre historique - résultats
Vous n’avez pas pris ce quiz depuis la dernière actualisation